000 00869nas a2200265 4500
001 BR2012009622
003 BR-BrBNA
005 20231205121638.0
007 ta
008 230509b bl.|||p| |||| 00| 00por d
040 _aBR-BrBNA
_bpor
_cBiblioteca Nacional de Agricultura
041 _a(Pt)
072 _aM12
100 1 _aLemos, V.O.
100 1 _aCosta, R.M. da
100 1 _aPereira, L.C.C.
245 1 _aTaxas de filtração e ingestão de Thalassiosira weissflogii (Bacillariophyuta)por Euterpina acutifrons Dana (Copepoda)
650 _aCOPÉPODO
650 _aCRUSTÁCEO
650 _aZOOPLANCTON
650 _aECOSSISTEMA
773 0 _tBoletim do Museu Paraense Emílio Goeldi. Ciências Naturais (Brazil)
_xISSN 1981-8114
_g(Sep-Dec 2006), v. 1(3) p. 121-127
_wBR2012009622
909 _a202311
_bLúcia
_c55
_dLúcia Elande
942 _2AGRIS
_n0
_cANA
999 _c224539
_d224539